[Event "XXI Festival Conca della Presolana A"]
[Site "Bratto - Castione della Presolana ITA"]
[Date "2001.08.24"]
[Round "3"]
[White "Ferrari, Nicola"]
[Black "Luchsinger, Eric"]
[Result "1/2-1/2"]
[WhiteElo "2163"]
[BlackElo "2094"]
[PlyCount "44"]
[EventDate "2001.08.22"]

1.e4 e5 2.Nf3 Nf6 3.Nxe5 d6 4.Nc4 Nxe4 5.Nc3 Nxc3 6.dxc3 Be7 7.Bd3 Be6 8.
O-O Nc6 9.f4 f5 10.Re1 Qd7 11.Qe2 Kf7 12.Nd2 Bf6 13.Nf3 h6 14.Be3 Rae8 15.
Qf2 g6 16.Nd4 Bd5 17.Bb5 a6 18.Ba4 Re4 19.Nxc6 Bxc6 20.Bb3+ Kg7 21.Bd4 
Rhe8 22.Bc4 Qe7 1/2-1/2

[Event "XXI Festival Conca della Presolana A"]
[Site "Bratto - Castione della Presolana ITA"]
[Date "2001.08.24"]
[Round "3"]
[White "Galli, Fabio"]
[Black "Giretti Kanev, Jasen"]
[Result "1/2-1/2"]
[WhiteElo "2079"]
[BlackElo "2178"]
[PlyCount "56"]
[EventDate "2001.08.22"]

1.e4 Nf6 2.Nc3 d5 3.exd5 Nxd5 4.Nf3 Bg4 5.d4 Nc6 6.Be2 Nxc3 7.bxc3 e6 8.
Rb1 Na5 9.Bf4 Bd6 10.Qd2 Bxf3 11.Bxf3 O-O 12.O-O c6 13.Be2 b5 14.Bd3 Qc7 
15.Bxd6 Qxd6 16.Qe2 a6 17.Rfe1 g6 18.Qg4 c5 19.h4 Nc6 20.h5 Ne7 21.Qg5 Ra7
22.dxc5 Qd5 23.Re5 Qxa2 24.Ree1 Qd5 25.Re5 Qa2 26.Ree1 Qd5 27.Re5 Qa2 28.
Ree1 Qd5 1/2-1/2

[Event "XXI Festival Conca della Presolana A"]
[Site "Bratto - Castione della Presolana ITA"]
[Date "2001.08.24"]
[Round "3"]
[White "Guido, Flavio"]
[Black "Pantaleoni, Claudio"]
[Result "1-0"]
[WhiteElo "2379"]
[BlackElo "2205"]
[PlyCount "77"]
[EventDate "2001.08.22"]

1.e4 c5 2.c3 e6 3.Nf3 d5 4.exd5 Qxd5 5.d4 Nf6 6.Bd3 Be7 7.c4 Qd7 8.dxc5 
O-O 9.Qe2 Rd8 10.Bc2 Bxc5 11.O-O Nc6 12.Nc3 h6 13.Bf4 Qe7 14.Rad1 Bd7 15.
Na4 Be8 16.Nxc5 Qxc5 17.a3 Qh5 18.h3 Ne7 19.Qe5 Bc6 20.Nd4 Be4 21.Bxe4 
Qxe5 22.Bxe5 Nxe4 23.Rfe1 Nd6 24.Nxe6 fxe6 25.Bxd6 Nf5 26.Bc7 Rd4 27.g4 
Rxd1 28.Rxd1 Nh4 29.Bg3 Nf3+ 30.Kg2 Rf8 31.Rd7 Ne1+ 32.Kf1 Nf3 33.c5 Rc8 
34.b4 b6 35.Bd6 bxc5 36.bxc5 Nd2+ 37.Kg2 Ne4 38.Rxa7 Nxc5 39.Be5 1-0

[Event "XXI Festival Conca della Presolana A"]
[Site "Bratto - Castione della Presolana ITA"]
[Date "2001.08.24"]
[Round "3"]
[White "Nieus, Thierry"]
[Black "Schaefer, Michael"]
[Result "1-0"]
[WhiteElo "1914"]
[BlackElo "2240"]
[PlyCount "43"]
[EventDate "2001.08.22"]

1.e4 c5 2.c3 Nf6 3.e5 Nd5 4.d4 cxd4 5.Nf3 e6 6.cxd4 d6 7.Bc4 Nc6 8.O-O Be7
9.Qe2 O-O 10.Nc3 dxe5 11.dxe5 Nxc3 12.bxc3 Qc7 13.Re1 b6 14.Bd3 Bb7 15.Ng5
Bxg5 16.Bxg5 Ne7 17.Qh5 Ng6 18.Re3 Qc6 19.Be4 Qc7 20.Rh3 f5 21.exf6 Rxf6 
22.Qxh7+ 1-0

[Event "XXI Festival Conca della Presolana A"]
[Site "Bratto - Castione della Presolana ITA"]
[Date "2001.08.24"]
[Round "3"]
[White "Osuna Munoz, Xavier"]
[Black "Koskinen, Henri"]
[Result "0-1"]
[WhiteElo "2109"]
[BlackElo "2321"]
[PlyCount "100"]
[EventDate "2001.08.22"]

1.e4 g6 2.Bc4 d6 3.Ne2 Bg7 4.O-O Nf6 5.d3 O-O 6.c3 d5 7.exd5 Nxd5 8.Bg5 
Nc6 9.d4 h6 10.Bh4 Bf5 11.Na3 Qd7 12.Bg3 Nb6 13.Bb3 Rad8 14.Qc1 Kh7 15.Rd1
Qc8 16.h3 e5 17.dxe5 Nxe5 18.Rxd8 Qxd8 19.Nd4 Bd7 20.Qf4 c5 21.Nf3 Nxf3+ 
22.Qxf3 Bc6 23.Qf4 Qd3 24.Rd1 Qe2 25.Qd2 Qe4 26.f3 Qf5 27.Bc2 Qe6 28.Bb3 
c4 29.Bc2 Qc8 30.Kh2 Re8 31.Re1 Rd8 32.Qf4 Bd5 33.Nb5 Qd7 34.Nd6 Be6 35.
Be4 Nd5 36.Bxd5 Bxd5 37.Rd1 Be6 38.Re1 Kg8 39.Nxc4 Qa4 40.Nd6 Qxa2 41.Nxb7
Rd5 42.Qb8+ Kh7 43.Nd8 Rd2 44.Nxe6 Rxb2 45.Nf8+ Bxf8 46.Qf4 Rxg2+ 47.Kh1 
Rc2 48.Re8 Qd5 49.Re5 Qd7 50.Bh2 Qxh3 0-1

[Event "XXI Festival Conca della Presolana A"]
[Site "Bratto - Castione della Presolana ITA"]
[Date "2001.08.24"]
[Round "3"]
[White "Pagnoncelli, Marco"]
[Black "Lapiccirella, Mattia"]
[Result "1/2-1/2"]
[WhiteElo "2064"]
[BlackElo "2146"]
[PlyCount "61"]
[EventDate "2001.08.22"]

1.e4 c5 2.Nf3 Nc6 3.d4 cxd4 4.Nxd4 Nf6 5.Nc3 d6 6.Bg5 e6 7.Qd2 a6 8.O-O-O 
Nxd4 9.Qxd4 Be7 10.f4 b5 11.Bxf6 gxf6 12.Kb1 Bb7 13.f5 Qa5 14.g4 b4 15.Ne2
e5 16.Qd3 Rg8 17.Rg1 Qc5 18.Rg3 d5 19.exd5 Bxd5 20.Qd2 O-O-O 21.Qe1 Bc4 
22.Nc1 Rxd1 23.Qxd1 Rd8 24.Qe1 Bxf1 25.Qxf1 Rd2 26.Qxa6+ Kc7 27.c3 Qf2 28.
Qc4+ Kb7 29.Qb5+ Kc7 30.Qc4+ Kb7 31.Qb5+ 1/2-1/2

[Event "XXI Festival Conca della Presolana A"]
[Site "Bratto - Castione della Presolana ITA"]
[Date "2001.08.24"]
[Round "3"]
[White "Paoli, Enrico"]
[Black "Temi, Walter"]
[Result "1/2-1/2"]
[WhiteElo "2021"]
[BlackElo "2067"]
[PlyCount "191"]
[EventDate "2001.08.22"]

1.e4 e6 2.d4 b6 3.Nf3 Bb7 4.Bd3 c5 5.c3 d5 6.e5 Qd7 7.O-O Ba6 8.a4 Bxd3 9.
Qxd3 c4 10.Qc2 Nc6 11.Ng5 h6 12.Nh3 Nge7 13.f4 Na5 14.Nd2 Nf5 15.Re1 Rc8 
16.Kh1 g6 17.Ng1 Be7 18.Ngf3 Kf8 19.g4 Ng7 20.Rf1 h5 21.g5 Nf5 22.Re1 Kg7 
23.b4 cxb3 24.Nxb3 Nc4 25.a5 bxa5 26.Nxa5 Nxa5 27.Rxa5 Bb4 28.Qa4 Qxa4 29.
Rxa4 Bxc3 30.Rd1 a5 31.Ba3 Rb8 32.Bc5 Rb3 33.Ng1 Rhb8 34.Rd3 Be1 35.Rd1 
Rb1 36.Ra1 Rxd1 37.Rxd1 Bc3 38.Rd3 Bb4 39.Rb3 Rc8 40.Bxb4 axb4 41.Rxb4 Rc1
42.Kg2 Ne3+ 43.Kf3 Ng4 44.h3 Rf1+ 45.Ke2 Rxg1 46.hxg4 Rxg4 47.Kf3 Rg1 48.
Kf2 Rc1 49.Rb2 Rh1 50.Kg2 Rd1 51.Rb4 Rc1 52.Rb2 Rc4 53.Rd2 Kf8 54.Kh3 Ke7 
55.Kg3 Kd7 56.Kf3 Rc3+ 57.Kg2 Rc4 58.Kg3 Kc8 59.Ra2 Kd7 60.Rd2 Rc3+ 61.Kg2
Rc4 62.Kg3 Rc1 63.Kg2 Rc3 64.Kf2 Ke7 65.Kg2 h4 66.Ra2 Rd3 67.Ra4 h3+ 68.
Kh2 Rf3 69.Ra7+ Kf8 70.Ra8+ Ke7 71.Ra7+ Kf8 72.Ra8+ Kg7 73.Ra4 Rxf4 74.
Kxh3 Rf3+ 75.Kg4 Rd3 76.Rb4 Kf8 77.Rb8+ Ke7 78.Rb7+ Ke8 79.Rb8+ Kd7 80.
Rb7+ Kc6 81.Rxf7 Rxd4+ 82.Kg3 Re4 83.Rf6 Rxe5 84.Rxg6 Kc5 85.Kf4 Kd4 86.
Rg8 Re1 87.Ra8 Rf1+ 88.Kg4 Ke4 89.Kh5 d4 90.g6 Rg1 91.Kh6 e5 92.g7 d3 93.
g8=Q Rxg8 94.Rxg8 Kf4 95.Rf8+ Ke3 96.Kg5 1/2-1/2

[Event "XXI Festival Conca della Presolana A"]
[Site "Bratto - Castione della Presolana ITA"]
[Date "2001.08.24"]
[Round "3"]
[White "Pegoraro, Nicola"]
[Black "Cavatorta, Fosco"]
[Result "1-0"]
[WhiteElo "2099"]
[BlackElo "2025"]
[PlyCount "73"]
[EventDate "2001.08.22"]

1.e4 e6 2.d4 d5 3.Nd2 Nf6 4.e5 Nfd7 5.Bd3 c5 6.c3 Nc6 7.Ne2 cxd4 8.cxd4 
Nb4 9.Bb1 b5 10.O-O a5 11.f4 g6 12.Nf3 h5 13.Ng5 Qb6 14.Be3 Be7 15.Rf3 Na6
16.Bd3 Nb4 17.Bb1 Na6 18.Bf2 Nc7 19.Qc2 Nf8 20.Rc3 Ra7 21.Rh3 Bd7 22.g4 
Na6 23.gxh5 gxh5 24.Qd2 Rc7 25.Bd3 Nb4 26.Bb1 Na6 27.Qd1 b4 28.Ng3 Bxg5 
29.fxg5 Bb5 30.Rxh5 Rxh5 31.Nxh5 Qc6 32.Be3 Qc4 33.Nf4 Nd7 34.g6 fxg6 35.
Bxg6+ Ke7 36.Bd3 Qc6 37.Rc1 1-0

[Event "XXI Festival Conca della Presolana A"]
[Site "Bratto - Castione della Presolana ITA"]
[Date "2001.08.24"]
[Round "3"]
[White "Podini, Francesco"]
[Black "Rigamonti, Stefano"]
[Result "1/2-1/2"]
[WhiteElo "2072"]
[BlackElo "1902"]
[PlyCount "63"]
[EventDate "2001.08.22"]

1.c4 e5 2.Nc3 Nf6 3.g3 Nc6 4.Bg2 Be7 5.e4 d6 6.Nge2 Bg4 7.O-O Qd7 8.f3 Bh3
9.d4 Bxg2 10.Kxg2 exd4 11.Nxd4 Ne5 12.b3 h5 13.Nf5 Bf8 14.Bg5 Nh7 15.Be3 
g6 16.Nd4 Nf6 17.Bg5 Bg7 18.Qd2 Nh7 19.Be3 O-O 20.h3 Rae8 21.Rae1 Nf6 22.
Nd5 b6 23.Nxf6+ Bxf6 24.Bh6 Bg7 25.Bxg7 Kxg7 26.Qg5 f6 27.Qd2 Nc6 28.Nc2 
f5 29.exf5 Qxf5 30.Ne3 Qf7 31.Qc3+ Kh7 32.f4 1/2-1/2

[Event "XXI Festival Conca della Presolana A"]
[Site "Bratto - Castione della Presolana ITA"]
[Date "2001.08.24"]
[Round "3"]
[White "Preiss, Martin"]
[Black "Caruso, Daniele"]
[Result "1-0"]
[WhiteElo "2262"]
[BlackElo "2104"]
[PlyCount "51"]
[EventDate "2001.08.22"]

1.c4 Nf6 2.Nc3 g6 3.g3 Bg7 4.Bg2 O-O 5.Nf3 c5 6.d4 cxd4 7.Nxd4 Nc6 8.O-O 
a6 9.Nb3 Rb8 10.c5 b6 11.Bxc6 dxc6 12.Qxd8 Rxd8 13.Bf4 Rb7 14.cxb6 Ne8 15.
Rfd1 Rxd1+ 16.Rxd1 Kf8 17.Na4 e5 18.Be3 Bf6 19.Na5 Rb8 20.Nxc6 Rb7 21.Nb4 
Rb8 22.Nc6 Rb7 23.Nc3 Be6 24.Na5 Rb8 25.b7 Be7 26.Ba7 1-0

[Event "XXI Festival Conca della Presolana A"]
[Site "Bratto - Castione della Presolana ITA"]
[Date "2001.08.24"]
[Round "3"]
[White "Radice, Luca"]
[Black "Piva, Giorgio"]
[Result "1/2-1/2"]
[WhiteElo "2042"]
[BlackElo "2133"]
[PlyCount "31"]
[EventDate "2001.08.22"]

1.d4 d5 2.Nf3 Nc6 3.c4 Bg4 4.cxd5 Bxf3 5.dxc6 Bxc6 6.Nc3 e6 7.e4 Bb4 8.f3 
Qh4+ 9.g3 Qh5 10.Bg2 O-O-O 11.Be3 Bc5 12.Qd2 Bxd4 13.Bxd4 e5 14.Ne2 exd4 
15.Nxd4 Ne7 16.Qc3 1/2-1/2

[Event "XXI Festival Conca della Presolana A"]
[Site "Bratto - Castione della Presolana ITA"]
[Date "2001.08.24"]
[Round "3"]
[White "Rossi, Giampiero"]
[Black "Capata, Ion"]
[Result "1-0"]
[WhiteElo "2119"]
[BlackElo "1948"]
[PlyCount "103"]
[EventDate "2001.08.22"]

1.d4 d5 2.c4 e6 3.Nc3 Nf6 4.cxd5 exd5 5.Bg5 Be7 6.e3 O-O 7.Qc2 h6 8.Bh4 
Be6 9.Bd3 Nbd7 10.Nge2 Nh5 11.Bxe7 Qxe7 12.O-O f5 13.Rfe1 c6 14.g3 Qf6 15.
Na4 Rfe8 16.Nc5 Nxc5 17.dxc5 g6 18.Rac1 Qg5 19.Qc3 Kf7 20.Qd4 Nf6 21.Nf4 
h5 22.h4 Qh6 23.Nh3 Nh7 24.Qf4 Qg7 25.Qd4 Rg8 26.Ng5+ Nxg5 27.hxg5 Rh8 28.
Kg2 h4 29.Qxg7+ Kxg7 30.Be2 Rad8 31.Rcd1 hxg3 32.Kxg3 f4+ 33.exf4 Rh3+ 34.
Kg2 Rf8 35.Bf3 Rxf4 36.Rxe6 Rhxf3 37.Re7+ Rf7 38.Rxf7+ Rxf7 39.Kg3 Re7 40.
Rd3 Re5 41.f4 Re4 42.Rb3 Re7 43.Kg4 Kf8 44.f5 Re4+ 45.Kf3 gxf5 46.Rxb7 Re7
47.Rxe7 Kxe7 48.Kf4 d4 49.b4 a6 50.a4 Kf7 51.b5 axb5 52.axb5 1-0

[Event "XXI Festival Conca della Presolana A"]
[Site "Bratto - Castione della Presolana ITA"]
[Date "2001.08.24"]
[Round "3"]
[White "Salami, Marco"]
[Black "Belotti, Bruno"]
[Result "0-1"]
[WhiteElo "2199"]
[BlackElo "2405"]
[PlyCount "72"]
[EventDate "2001.08.22"]

1.e4 e5 2.f4 exf4 3.Nf3 Qe7 4.Nc3 g5 5.d4 g4 6.Bc4 gxf3 7.Qxf3 Nc6 8.Bxf4 
Nxd4 9.Qd3 Ne6 10.O-O Bg7 11.Kh1 Nxf4 12.Rxf4 Nh6 13.Nd5 Qe5 14.Raf1 O-O 
15.Qf3 Kh8 16.Ne3 d6 17.Rh4 Be6 18.Bd3 f6 19.Nf5 Nxf5 20.exf5 Bd5 21.Qh5 
Bg8 22.Rf3 Qe1+ 23.Bf1 Rae8 24.Kg1 Re4 25.Rhh3 Rfe8 26.Rfg3 Rf4 27.Rf3 
Rxf3 28.Rxf3 Re3 29.Rf4 Qd2 30.h3 Rxh3 31.Qxh3 Qxf4 32.Qc3 c6 33.Bd3 Qe5 
34.Qb4 Bh6 35.Qxb7 Qe1+ 36.Kh2 Bf4+ 0-1

[Event "XXI Festival Conca della Presolana A"]
[Site "Bratto - Castione della Presolana ITA"]
[Date "2001.08.24"]
[Round "3"]
[White "Sbarra, Marco"]
[Black "Sarno, Spartaco"]
[Result "0-1"]
[WhiteElo "2305"]
[BlackElo "2400"]
[PlyCount "84"]
[EventDate "2001.08.22"]

1.d4 Nf6 2.c4 g6 3.Nc3 d5 4.Nf3 Bg7 5.Bg5 Ne4 6.cxd5 Nxg5 7.Nxg5 c6 8.Qb3 
O-O 9.Nf3 cxd5 10.e3 e6 11.Be2 Nc6 12.O-O Na5 13.Qc2 Bd7 14.Ne5 Rc8 15.
Nxd7 Qxd7 16.Rac1 Rc7 17.Qa4 Qxa4 18.Nxa4 Rfc8 19.Rxc7 Rxc7 20.Bd3 Kf8 21.
Rb1 Ke7 22.Kf1 a6 23.Nc3 Kd6 24.Ke1 e5 25.dxe5+ Bxe5 26.Ne2 Nc6 27.Kd2 h5 
28.h4 Bf6 29.g3 Ne5 30.b3 Ng4 31.Rf1 Bb2 32.Nd4 Bc3+ 33.Ke2 Bxd4 34.exd4 
Nh2 35.Rd1 Re7+ 36.Kd2 Nf3+ 37.Kc3 Rc7+ 38.Kb2 Nxd4 39.Bxg6 fxg6 40.Rxd4 
Ke5 41.Rf4 d4 42.f3 d3 0-1

[Event "XXI Festival Conca della Presolana A"]
[Site "Bratto - Castione della Presolana ITA"]
[Date "2001.08.24"]
[Round "3"]
[White "Tatai, Stefano"]
[Black "Godena, Michele"]
[Result "1/2-1/2"]
[WhiteElo "2350"]
[BlackElo "2491"]
[PlyCount "48"]
[EventDate "2001.08.22"]

1.e4 e5 2.Nf3 Nc6 3.Bb5 Nf6 4.d3 d6 5.c3 Bd7 6.Ba4 g6 7.Nbd2 Bg7 8.Nf1 O-O
9.Ng3 Qe8 10.Bd2 d5 11.h3 h6 12.O-O Be6 13.Qe2 Nd7 14.Rfe1 f5 15.exf5 gxf5
16.Nxe5 Bxe5 17.f4 Qg6 18.Nf1 Nd4 19.cxd4 Bxd4+ 20.Be3 Bxb2 21.Rab1 Bc3 
22.Bd2 Bd4+ 23.Be3 Bc3 24.Bd2 Bd4+ 1/2-1/2

[Event "XXI Festival Conca della Presolana A"]
[Site "Bratto - Castione della Presolana ITA"]
[Date "2001.08.24"]
[Round "3"]
[White "Valenti, Giuseppe"]
[Black "Capece, Adolivio"]
[Result "1/2-1/2"]
[WhiteElo "2201"]
[BlackElo "2073"]
[PlyCount "62"]
[EventDate "2001.08.22"]

1.e4 c5 2.Nf3 Nc6 3.d4 cxd4 4.Nxd4 g6 5.Nc3 Bg7 6.Be3 Nf6 7.Bc4 O-O 8.Bb3 
Qa5 9.f3 Rd8 10.Qd2 d6 11.O-O-O Nxd4 12.Bxd4 Be6 13.Kb1 Bxb3 14.axb3 Rdc8 
15.Rhe1 Rc6 16.Nd5 Qxd2 17.Rxd2 Nxd5 18.exd5 Rc7 19.Bxg7 Kxg7 20.Rde2 Kf6 
21.Re4 Re8 22.Rf4+ Kg7 23.Rfe4 Kf6 24.g4 e5 25.h4 Rec8 26.c4 b5 27.f4 bxc4
28.fxe5+ dxe5 29.bxc4 Rxc4 30.g5+ Kg7 31.Rxe5 Rxh4 1/2-1/2

[Event "XXI Festival Conca della Presolana A"]
[Site "Bratto - Castione della Presolana ITA"]
[Date "2001.08.24"]
[Round "3"]
[White "Valori, Vincenzo"]
[Black "Mauro, Alan"]
[Result "0-1"]
[WhiteElo "2056"]
[BlackElo "2245"]
[PlyCount "66"]
[EventDate "2001.08.22"]

1.e4 c5 2.Nc3 Nc6 3.f4 d6 4.Nf3 g6 5.Bc4 Bg7 6.O-O e6 7.d3 Nge7 8.Bb3 O-O 
9.Qe1 Nd4 10.Nxd4 cxd4 11.Ne2 Nc6 12.Bd2 Bd7 13.g4 Kh8 14.Ng3 Qh4 15.Qe2 
f5 16.g5 e5 17.exf5 Bxf5 18.Nxf5 gxf5 19.Qf2 Qxf2+ 20.Rxf2 e4 21.Re2 e3 
22.Be1 a5 23.c3 a4 24.Bd5 a3 25.Bxc6 bxc6 26.Rc1 axb2 27.Rxb2 c5 28.cxd4 
Bxd4 29.Bc3 Ra4 30.Re2 Ra3 31.Bxd4+ cxd4 32.Rb2 Rxd3 33.Rc7 Rd1+ 0-1

[Event "XXI Festival Conca della Presolana A"]
[Site "Bratto - Castione della Presolana ITA"]
[Date "2001.08.24"]
[Round "3"]
[White "Vancini, Edoardo"]
[Black "Bellini, Fabio"]
[Result "1/2-1/2"]
[WhiteElo "2358"]
[BlackElo "2499"]
[PlyCount "81"]
[EventDate "2001.08.22"]

1.e4 d5 2.exd5 Qxd5 3.Nc3 Qa5 4.Bc4 Nf6 5.Nge2 Bf5 6.O-O e6 7.d3 Nbd7 8.
Bd2 c6 9.Qe1 Qc7 10.Bf4 Bd6 11.Bxd6 Qxd6 12.Ng3 O-O 13.Nce4 Bxe4 14.Nxe4 
Nxe4 15.Qxe4 b5 16.Bb3 a5 17.c3 Nf6 18.Qf3 a4 19.Bc2 a3 20.b4 c5 21.bxc5 
Qxc5 22.d4 Qd5 23.Qd3 Rfc8 24.Rab1 Qc6 25.Rfc1 g6 26.Bd1 Rab8 27.Bf3 Nd5 
28.Rb3 b4 29.Rcb1 Qc4 30.Qxc4 Rxc4 31.Bxd5 exd5 32.cxb4 Rc2 33.g3 Rxa2 34.
b5 Rb6 35.Rc1 Rd2 36.Rxa3 Rxb5 37.Rf3 Rb7 38.Rf4 Kg7 39.h4 h6 40.Rc6 Rd7 
41.Kg2 1/2-1/2

[Event "XXI Festival Conca della Presolana A"]
[Site "Bratto - Castione della Presolana ITA"]
[Date "2001.08.24"]
[Round "3"]
[White "Zichichi, Alvise"]
[Black "Lalic, Bogdan"]
[Result "0-1"]
[WhiteElo "2293"]
[BlackElo "2528"]
[PlyCount "60"]
[EventDate "2001.08.22"]

1.d4 Nf6 2.Nf3 d5 3.Bf4 g6 4.e3 Bg7 5.Be2 O-O 6.Ne5 c5 7.Nc3 Nc6 8.h4 cxd4
9.exd4 Qb6 10.Nxc6 bxc6 11.Na4 Qa5+ 12.c3 Nd7 13.b4 Qd8 14.h5 e5 15.Be3 
Re8 16.hxg6 hxg6 17.Qd2 exd4 18.cxd4 Rb8 19.Kf1 a5 20.bxa5 Ra8 21.Rc1 Qxa5
22.Nc3 Qb4 23.Rh4 Ba6 24.Bxa6 Rxa6 25.g3 Nb6 26.Bh6 Nc4 27.Qg5 Qe7 28.Qf4 
Qf6 29.Qg4 Bxh6 30.Rxh6 Ne3+ 0-1

[Event "XXI Festival Conca della Presolana A"]
[Site "Bratto - Castione della Presolana ITA"]
[Date "2001.08.25"]
[Round "4"]
[White "Astengo, Corrado"]
[Black "Tatai, Stefano"]
[Result "0-1"]
[WhiteElo "2103"]
[BlackElo "2350"]
[PlyCount "96"]
[EventDate "2001.08.22"]

1.e4 e5 2.Nf3 Nc6 3.Nc3 Nf6 4.g3 Bc5 5.Bg2 d6 6.h3 Be6 7.d3 a6 8.a3 h6 9.
Qe2 O-O 10.O-O Re8 11.Bd2 b5 12.Nd1 d5 13.exd5 Bxd5 14.Nc3 Nd4 15.Qd1 
Nxf3+ 16.Bxf3 Bxf3 17.Qxf3 Qd7 18.Bxh6 Qxh3 19.Bd2 Ng4 20.Qg2 Qh5 21.Nd5 
Rac8 22.Ne3 Bxe3 23.Bxe3 e4 24.d4 Rcd8 25.Rae1 Rd5 26.f3 exf3 27.Rxf3 Rxd4
28.Bxd4 Rxe1+ 29.Rf1 Rxf1+ 30.Kxf1 Nh2+ 31.Kf2 Qf5+ 32.Ke3 Nf1+ 33.Ke2 
Qxc2+ 34.Kxf1 Qd1+ 35.Kf2 Qxd4+ 36.Ke1 c5 37.Qa8+ Kh7 38.Qh1+ Kg6 39.Qc6+ 
f6 40.Qe8+ Kg5 41.Qf8 f5 42.Qe7+ Kg4 43.Qh4+ Kf3 44.Qh5+ Kxg3 45.Qg5+ Qg4 
46.Qe3+ Kh2 47.Qf2+ Kh1 48.Qxc5 Qg1+ 0-1

[Event "XXI Festival Conca della Presolana A"]
[Site "Bratto - Castione della Presolana ITA"]
[Date "2001.08.25"]
[Round "4"]
[White "Astengo, Marcello"]
[Black "Mauro, Alan"]
[Result "1/2-1/2"]
[WhiteElo "2005"]
[BlackElo "2245"]
[PlyCount "111"]
[EventDate "2001.08.22"]

1.d4 Nf6 2.c4 a6 3.Nc3 c5 4.d5 d6 5.e4 g6 6.Be2 Bg7 7.Be3 O-O 8.Qd2 b5 9.
cxb5 axb5 10.Bxb5 Ng4 11.Bg5 Ba6 12.Bxa6 Nxa6 13.Nf3 h6 14.Bf4 g5 15.Bg3 
Nf6 16.h3 Rb8 17.O-O Nh5 18.Bh2 Qa5 19.Rab1 Rb4 20.a3 Rb3 21.e5 dxe5 22.
Nxe5 c4 23.Nxc4 Qc5 24.Ne5 Nf6 25.Rfd1 Nc7 26.d6 exd6 27.Qxd6 Qxd6 28.Rxd6
Ne6 29.Ne2 Rc8 30.Rd3 Rxd3 31.Nxd3 Rc2 32.Kf1 Ne4 33.Rc1 Rd2 34.Ne5 Rxb2 
35.f3 Nd2+ 36.Ke1 Nf4 37.Bxf4 gxf4 38.Rc8+ Kh7 39.Nxf7 Nb1 40.a4 Na3 41.
Nxf4 Nc2+ 42.Kf2 Nb4+ 43.Ke3 Nc2+ 44.Kf2 Nd4+ 45.Kg3 Rb4 46.Nd6 Rxa4 47.
Ne4 Nf5+ 48.Kg4 Ne3+ 49.Kh5 Ra5+ 50.Rc5 Ra7 51.g4 Rf7 52.Ne6 Ng2 53.Rc7 
Nf4+ 54.Kh4 Ng6+ 55.Kh5 Nf4+ 56.Kh4 1/2-1/2

[Event "XXI Festival Conca della Presolana A"]
[Site "Bratto - Castione della Presolana ITA"]
[Date "2001.08.25"]
[Round "4"]
[White "Bellini, Fabio"]
[Black "Komarov, Dimitri"]
[Result "1/2-1/2"]
[WhiteElo "2499"]
[BlackElo "2525"]
[PlyCount "20"]
[EventDate "2001.08.22"]

1.e4 e6 2.d4 d5 3.exd5 exd5 4.Nf3 Bd6 5.Bg5 Ne7 6.c4 f6 7.Be3 c6 8.Nc3 O-O
9.cxd5 cxd5 10.Be2 Nbc6 1/2-1/2

[Event "XXI Festival Conca della Presolana A"]
[Site "Bratto - Castione della Presolana ITA"]
[Date "2001.08.25"]
[Round "4"]
[White "Belotti, Bruno"]
[Black "Friedrich, Norbert"]
[Result "1-0"]
[WhiteElo "2405"]
[BlackElo "2275"]
[PlyCount "73"]
[EventDate "2001.08.22"]

1.e4 c5 2.Nf3 e6 3.d4 cxd4 4.Nxd4 Nf6 5.Nc3 Nc6 6.Ndb5 d6 7.Bf4 e5 8.Bg5 
a6 9.Na3 b5 10.Nd5 Be7 11.Bxf6 Bxf6 12.c3 O-O 13.Nc2 Bg5 14.a4 bxa4 15.
Rxa4 Bb7 16.Bc4 Na5 17.Ba2 Bc6 18.Ra3 Bb5 19.Nde3 Bxe3 20.Nxe3 Rc8 21.f3 
g6 22.Qd2 h5 23.b3 Nb7 24.c4 Bc6 25.Rxa6 Nc5 26.Ra3 Ra8 27.Rxa8 Bxa8 28.
O-O Qb6 29.b4 Ne6 30.Kh1 Nd4 31.Rc1 Rc8 32.h3 Qa7 33.Rb1 Qa3 34.c5 dxc5 
35.Nc4 Qa7 36.Nxe5 Qe7 37.Nxf7 1-0

[Event "XXI Festival Conca della Presolana A"]
[Site "Bratto - Castione della Presolana ITA"]
[Date "2001.08.25"]
[Round "4"]
[White "Borgo, Giulio"]
[Black "Khenkin, Igor"]
[Result "1/2-1/2"]
[WhiteElo "2428"]
[BlackElo "2579"]
[PlyCount "30"]
[EventDate "2001.08.22"]

1.e4 c6 2.d4 d5 3.Nd2 dxe4 4.Nxe4 Bf5 5.Ng3 Bg6 6.h4 h6 7.Nh3 Nf6 8.Bc4 e6
9.Nf4 Bh7 10.c3 Bd6 11.Nfh5 O-O 12.Qf3 Nbd7 13.Be3 b5 14.Bb3 Bxg3 15.Nxf6+
Qxf6 1/2-1/2

[Event "XXI Festival Conca della Presolana A"]
[Site "Bratto - Castione della Presolana ITA"]
[Date "2001.08.25"]
[Round "4"]
[White "Bresciani, Nicola"]
[Black "Foisor, Cristina-Adela"]
[Result "1/2-1/2"]
[WhiteElo "2278"]
[BlackElo "2423"]
[PlyCount "126"]
[EventDate "2001.08.22"]

1.e4 g6 2.d4 d6 3.Nf3 Bg7 4.h3 a6 5.a4 Nd7 6.Nc3 b6 7.Bc4 e6 8.O-O Bb7 9.
Re1 h6 10.Be3 Ne7 11.Qd2 Kf8 12.Nh2 Kg8 13.Ng4 Qf8 14.f4 Kh7 15.Nh2 Rd8 
16.Bd3 c5 17.Nf3 f5 18.Bf2 Qf7 19.Qe2 cxd4 20.Bxd4 Nc5 21.Bxg7 Qxg7 22.e5 
Bxf3 23.Qxf3 g5 24.Rad1 gxf4 25.exd6 Ng6 26.Bf1 Rhg8 27.Rd2 Nh4 28.Qxf4 
Ng6 29.Qf2 a5 30.Kh1 Ne5 31.Qf4 Nf7 32.Red1 Qg6 33.Rf2 Ng5 34.Qe3 Nge4 35.
Nxe4 Nxe4 36.Qxb6 Nxf2+ 37.Qxf2 Qf6 38.c3 Qe5 39.d7 Rg3 40.Bb5 f4 41.Qd4 
Qxd4 42.Rxd4 f3 43.gxf3 Rxf3 44.Kg2 Rf7 45.Kg3 Kg7 46.b4 e5 47.Rg4+ Kf6 
48.bxa5 Rfxd7 49.Bxd7 Rxd7 50.Rc4 Kf5 51.Rc6 h5 52.h4 Rd3+ 53.Kg2 Rd5 54.
a6 Ra5 55.Kf3 Rxa4 56.Rh6 Rxh4 57.a7 Ra4 58.Rxh5+ Ke6 59.Rh7 Kd5 60.Ke3 
Kc5 61.Kd3 Kb6 62.Re7 Rxa7 63.Rxe5 Ra4 1/2-1/2

[Event "XXI Festival Conca della Presolana A"]
[Site "Bratto - Castione della Presolana ITA"]
[Date "2001.08.25"]
[Round "4"]
[White "Capata, Ion"]
[Black "Podini, Francesco"]
[Result "1-0"]
[WhiteElo "1948"]
[BlackElo "2072"]
[PlyCount "81"]
[EventDate "2001.08.22"]

1.e4 c5 2.c3 d6 3.d4 Nf6 4.Bd3 g6 5.Nf3 Bg7 6.O-O O-O 7.h3 Nbd7 8.Bg5 Qc7 
9.Nbd2 e5 10.d5 h6 11.Be3 Nh5 12.Ne1 a6 13.a4 b6 14.g3 Rb8 15.Qe2 Ndf6 16.
Kg2 Qd7 17.Rh1 b5 18.axb5 axb5 19.b3 b4 20.cxb4 Nf4+ 21.gxf4 exf4 22.Bxc5 
dxc5 23.Ra4 cxb4 24.Nc2 Re8 25.Qf3 Qd6 26.Nc4 Qc5 27.Qxf4 Bd7 28.Ra5 Rb5 
29.Rxb5 Bxb5 30.Qe3 Qf8 31.Qb6 Bxc4 32.bxc4 Rb8 33.Qc7 Qe8 34.Rb1 Nxe4 35.
Rxb4 Rc8 36.Qf4 Nc5 37.Bf1 g5 38.Qe3 Qd8 39.Rb5 Qd6 40.Nd4 Nd7 41.Nf5 1-0

[Event "XXI Festival Conca della Presolana A"]
[Site "Bratto - Castione della Presolana ITA"]
[Date "2001.08.25"]
[Round "4"]
[White "Capece, Adolivio"]
[Black "Caoili, Arianne"]
[Result "0-1"]
[WhiteElo "2073"]
[BlackElo "2152"]
[PlyCount "88"]
[EventDate "2001.08.22"]

1.c4 c5 2.Nc3 Nc6 3.g3 g6 4.Bg2 Bg7 5.d3 d6 6.Nf3 e5 7.Bg5 f6 8.Bd2 Nge7 
9.a3 Be6 10.e4 O-O 11.Qc1 Nd4 12.Nxd4 cxd4 13.Ne2 Rc8 14.Qd1 Qd7 15.O-O f5
16.f3 h6 17.Rc1 g5 18.Qb3 a6 19.a4 f4 20.Bb4 b5 21.Qa3 bxc4 22.Bxd6 Bf6 
23.dxc4 Bxc4 24.Rxc4 Rxc4 25.Qb3 Rc8 26.Rc1 Qe6 27.Bf1 Qf7 28.Rxc4 Qxc4 
29.Qxc4+ Rxc4 30.Nxf4 Rxa4 31.Nh5 Kf7 32.Nxf6 Kxf6 33.b3 Ra1 34.Kf2 Ra2+ 
35.Kg1 Nc6 36.Bf8 h5 37.h4 gxh4 38.gxh4 a5 39.Bh6 Nb4 40.Bg5+ Kg6 41.Bb5 
Kf7 42.Bc4+ Kg7 43.f4 d3 44.Kf1 Ra1+ 0-1

[Event "XXI Festival Conca della Presolana A"]
[Site "Bratto - Castione della Presolana ITA"]
[Date "2001.08.25"]
[Round "4"]
[White "Caruso, Daniele"]
[Black "Ferrari, Nicola"]
[Result "0-1"]
[WhiteElo "2104"]
[BlackElo "2163"]
[PlyCount "42"]
[EventDate "2001.08.22"]

1.e4 c6 2.d4 d5 3.exd5 cxd5 4.Bd3 Nc6 5.c3 g6 6.Bf4 Bf5 7.Bxf5 gxf5 8.Nf3 
Nf6 9.Ne5 Bg7 10.Nd2 O-O 11.h4 Nd7 12.Nxc6 bxc6 13.Qh5 e6 14.Rh3 f6 15.Rg3
Qe8 16.Qe2 Kh8 17.h5 Rf7 18.h6 Bf8 19.Re3 Re7 20.Nf3 Qh5 21.Rxe6 Rxe6 0-1